| 000 -LEADER |
| fixed length control field |
00507cam a22001217a 4500 |
| 008 - FIXED-LENGTH DATA ELEMENTS--GENERAL INFORMATION |
| fixed length control field |
180718b1970 xxu||||| |||| 00| 0 eng d |
| 082 ## - DEWEY DECIMAL CLASSIFICATION NUMBER |
| Classification number |
R143 Ed83 |
| 245 ## - TITLE STATEMENT |
| Title |
International migration of high-level manpower: its impact on the development process |
| Statement of responsibility, etc. |
by Education and World Affairs. Commettee on the International Migration of Talent |
| 260 ## - PUBLICATION, DISTRIBUTION, ETC. |
| Place of publication, distribution, etc. |
New York |
| Name of publisher, distributor, etc. |
Praeger |
| Date of publication, distribution, etc. |
1970 |
| 300 ## - PHYSICAL DESCRIPTION |
| Extent |
738p. |
| 650 ## - SUBJECT ADDED ENTRY--TOPICAL TERM |
| Topical term or geographic name entry element |
Brain Drain |
| 700 ## - ADDED ENTRY--PERSONAL NAME |
| Personal name |
Education and World Affairs. Committee on the International Migration of Talent |